|
|
|
|
| LEADER |
00000nam a2200000Ii 4500 |
| 001 |
DIGANT0226 |
| 003 |
NyNyDIG |
| 006 |
m o d |
| 007 |
cr ||||||||||| |
| 008 |
120901s2009 sp ob 000 0 spa d |
| 020 |
|
|
|z 9788476589120
|
| 020 |
|
|
|z 8476589123
|
| 035 |
|
|
|a (OCoLC)888254103
|
| 040 |
|
|
|a DGITA
|b eng
|e pn
|c DGITA
|
| 050 |
1 |
4 |
|a JZ1308 eBook
|
| 245 |
0 |
0 |
|a Cosmopolitismo :
|b democracia en la era de la globalización /
|c Dulce María Granja Castro, Gustavo Leyva Martínez (eds.) ; James Bohman ... [et al.].
|
| 250 |
|
|
|a 1. ed.
|
| 264 |
|
1 |
|a Rubí, Barcelona :
|b Anthropos, Editorial;
|a México [D.F.] :
|b Universidad Autónoma Metropolitana, Unidad Iztapalapa, División de Ciencias Sociales y Humandidades,
|c 2009.
|
| 300 |
|
|
|a 1 online resource (349 pages)
|
| 336 |
|
|
|a text
|b txt
|2 rdacontent
|
| 337 |
|
|
|a computer
|b c
|2 rdamedia
|
| 338 |
|
|
|a online resource
|b cr
|2 rdacarrier
|
| 490 |
1 |
|
|a Pensamiento crítico/pensamiento utópico ;
|v 179.
|a Argumentos de la política
|
| 504 |
|
|
|a Includes bibliographical references.
|
| 650 |
|
0 |
|a Cosmopolitanism.
|
| 650 |
|
0 |
|a Globalization.
|
| 650 |
|
0 |
|a Internationalism.
|
| 650 |
|
0 |
|a Democracy
|x Philosophy.
|
| 655 |
|
0 |
|a Electronic books.
|
| 600 |
1 |
0 |
|a Kant, Immanuel,
|d 1724-1804.
|
| 700 |
1 |
|
|a Granja Castro, Dulce María,
|d 1953-
|
| 700 |
1 |
|
|a Leyva, Gustavo,
|d 1959-
|
| 700 |
1 |
|
|a Bohman, James.
|
| 791 |
2 |
|
|a Digitalia (Firm),
|e distributor.
|
| 830 |
|
0 |
|a Pensamiento crítico/pensamiento utópico ;
|v 179.
|
| 830 |
|
0 |
|a Pensamiento crítico/pensamiento utópico ;
|p Argumentos de la política.
|
| 793 |
0 |
|
|g Digitalia eBook Collection:
|a Anthropos
|
| 856 |
4 |
0 |
|3 Digitalia Hispánica
|u https://www.digitaliapublishing.com/a/13265/
|
| 910 |
|
|
|a Premium Collection: 2007-2012
|